ஏழு ஸ்வரங்கள் (Record no. 16281)
[ view plain ]
| 000 -LEADER | |
|---|---|
| fixed length control field | 00483nam a22001577a 4500 |
| 005 - DATE AND TIME OF LATEST TRANSACTION | |
| control field | 20251101120547.0 |
| 008 - FIXED-LENGTH DATA ELEMENTS--GENERAL INFORMATION | |
| fixed length control field | 251101b |||||||| |||| 00| 0 eng d |
| 020 ## - INTERNATIONAL STANDARD BOOK NUMBER | |
| ISBN | - |
| 082 ## - DDC வகைப்பாடு | |
| வகுப்பு எண் | 894.8113 |
| நூல் எண் (முதல் மூன்று எழத்து) | ராகவ |
| 100 ## - பிரதான பதிவு--ஆசிரியர் பெயர் | |
| ஆசிரியர் பெயர் | ராகவன் |
| 245 ## - தலைப்பு விபரம் | |
| தலைப்பு | ஏழு ஸ்வரங்கள் |
| ஆசிரியர் முழப் பெயர் | முத்துலட்சுமி ராகவன் |
| 250 ## - பதிப்பு விபரம் | |
| பதிப்பு | - |
| 260 ## - வெளியீட்டு விபரம் | |
| வெளியீட்டிடம் | சென்னை |
| வெளியீட்டாளர் | லட்சுமி பாலாஜி |
| வெளியீட்டாண்டு | 2015 |
| 300 ## - பெளதீக விபரம் | |
| பக்கங்களின் எண்ணிக்கை | 400 |
| 942 ## - நூல் வகை (இரவல் கட்டுப்பாடு) | |
| நூல் வகை | Lending General Book |
| Collection code | நிரந்தர இடம் | தற்போதய இடம் | இறாக்கைப் படுத்தியுள்ள இடம் | நூற் கொள்வனவுத் திகதி | கொள்வனவு மூலம் | விலை | நூற் கூறு எண் (Volume Number ) | அழைப் பெண் | சேர்விலக்கம் (Accession Number) | நூல் வகை (இரவல் கட்டுப்பாடு) |
|---|---|---|---|---|---|---|---|---|---|---|
| Lending | Mannar Public Library | Mannar Public Library | Lending Section | 15/09/2025 | நகரசபை | 1320.00 | V | 894.8113 ராகவ | 25890 | Lending General Book |